[Event "4rd Memory of Nebesna Sotnya-2017 R"]
[Site "Lutsk"]
[Date "2017.02.18"]
[Round "6.8"]
[White "Alexikov, Alexander"]
[Black "Firman, Nazar"]
[Result "1-0"]
[WhiteElo "2326"]
[BlackElo "2499"]
[PlyCount "73"]
[EventDate "2017.02.18"]
[EventType "swiss (rapid)"]
[EventRounds "11"]
[EventCountry "UKR"]

1. e4 d6 2. d4 Nf6 3. Nc3 g6 4. f4 Bg7 5. Nf3 O-O 6. Bd3 Na6 7. O-O c5 8. d5
Bg4 9. Kh1 Nc7 10. h3 Bxf3 11. Qxf3 Nd7 12. a4 b6 13. Nb5 a6 14. Nxc7 Qxc7 15.
Qe2 Qb7 16. c3 Kh8 17. Bd2 e6 18. dxe6 fxe6 19. e5 d5 20. c4 b5 21. b3 bxc4 22.
bxc4 Nb6 23. Rab1 Qc6 24. a5 Nxc4 25. Bxc4 dxc4 26. Rb6 Qa4 27. Rc1 Rad8 28.
Be3 g5 29. fxg5 c3 30. Rxe6 Qe4 31. Rxc3 Rd5 32. Qc2 Rf1+ 33. Kh2 Bxe5+ 34.
Rxe5 Qxe5+ 35. g3 Rf3 36. Bd4 Rxc3 37. Bxe5+ 1-0

[Event "4rd Memory of Nebesna Sotnya-2017 R"]
[Site "Lutsk"]
[Date "2017.02.18"]
[Round "7.1"]
[White "Solovchuk, Alexey"]
[Black "Bernadskiy, Vitaliy"]
[Result "0-1"]
[WhiteElo "2455"]
[BlackElo "2634"]
[PlyCount "82"]
[EventDate "2017.02.18"]
[EventType "swiss (rapid)"]
[EventRounds "11"]
[EventCountry "UKR"]

1. c4 e6 2. Nf3 d5 3. e3 Nf6 4. b3 c5 5. Bb2 Nc6 6. cxd5 exd5 7. d4 cxd4 8.
Nxd4 Ne4 9. a3 Nc5 10. Nxc6 bxc6 11. Qc2 Bd7 12. Nd2 Ne6 13. Nf3 Bd6 14. Ne5
Rc8 15. Nxd7 Qxd7 16. Bd3 h6 17. Bf5 O-O 18. Qc3 Qe7 19. O-O f6 20. Qc2 Be5 21.
e4 Qd6 22. g3 Rb8 23. Rad1 a5 24. Bc3 Bxc3 25. Qxc3 Nc5 26. exd5 cxd5 27. Qxa5
Rxb3 28. Bb1 Rb2 29. Qc3 Rfb8 30. Qf3 d4 31. Qf5 Kf8 32. Qh7 Ne6 33. Bd3 Ng5
34. Qh8+ Kf7 35. Bc4+ Kg6 36. Bg8 Qc6 37. h4 Nf3+ 38. Kg2 Ne1+ 39. Kh3 Qg2+ 40.
Kg4 f5+ 41. Kf4 Qe4# 0-1

[Event "4rd Memory of Nebesna Sotnya-2017 R"]
[Site "Lutsk"]
[Date "2017.02.18"]
[Round "7.2"]
[White "Onischuk, Vladimir"]
[Black "Bortnyk, Mykola"]
[Result "1-0"]
[WhiteElo "2692"]
[BlackElo "2558"]
[PlyCount "87"]
[EventDate "2017.02.18"]
[EventType "swiss (rapid)"]
[EventRounds "11"]
[EventCountry "UKR"]

1. Nf3 Nf6 2. g3 g6 3. Bg2 Bg7 4. O-O O-O 5. d3 d5 6. Nbd2 c5 7. e4 Nc6 8. Re1
Bg4 9. h3 dxe4 10. dxe4 Bxf3 11. Qxf3 Nd4 12. Qd1 e5 13. c3 Ne6 14. Nc4 Qc7 15.
Qd6 Ne8 16. Qxc7 N8xc7 17. a4 Rad8 18. Be3 b6 19. Rad1 Rxd1 20. Rxd1 Rd8 21.
Rxd8+ Nxd8 22. f4 f6 23. Kf2 Kf8 24. a5 exf4 25. gxf4 b5 26. Bxc5+ Ke8 27. Ne3
Nc6 28. Nd5 Nxd5 29. exd5 Nxa5 30. Bxa7 Nc4 31. Bf1 f5 32. b3 Nd6 33. c4 b4 34.
Ke3 Bf8 35. Kd4 Kd7 36. c5 Bg7+ 37. Ke3 Nc8 38. Bb8 Ne7 39. Bc4 Bf6 40. Be5 Bh4
41. c6+ Ke8 42. Bd6 Be1 43. c7 Nc8 44. Bb5+ 1-0

[Event "4rd Memory of Nebesna Sotnya-2017 R"]
[Site "Lutsk"]
[Date "2017.02.18"]
[Round "7.3"]
[White "Khaetsky, Roman"]
[Black "Bogdanovich, Stanislav"]
[Result "0-1"]
[WhiteElo "2369"]
[BlackElo "2689"]
[PlyCount "46"]
[EventDate "2017.02.18"]
[EventType "swiss (rapid)"]
[EventRounds "11"]
[EventCountry "UKR"]

1. e4 e5 2. Nc3 Nf6 3. f4 d5 4. fxe5 Nxe4 5. Nf3 Nc6 6. Qe2 Bf5 7. d3 Bb4 8.
dxe4 dxe4 9. Ng5 Nd4 10. Qc4 O-O 11. Kf2 Nxc2 12. Bf4 e3+ 13. Kg3 Bxc3 14. Qxc3
Nxa1 15. Bc4 Nc2 16. e6 fxe6 17. Bxe6+ Kh8 18. h4 Bxe6 19. Nxe6 Qf6 20. Nxf8
Qxc3 21. bxc3 Rxf8 22. Rc1 e2 23. Bd2 Ne3 0-1

[Event "4rd Memory of Nebesna Sotnya-2017 R"]
[Site "Lutsk"]
[Date "2017.02.18"]
[Round "7.5"]
[White "Matviishen, Viktor"]
[Black "Mirzoev, Emil"]
[Result "0-1"]
[WhiteElo "2354"]
[BlackElo "2457"]
[PlyCount "130"]
[EventDate "2017.02.18"]
[EventType "swiss (rapid)"]
[EventRounds "11"]
[EventCountry "UKR"]

1. d4 Nf6 2. c4 d6 3. Nc3 g6 4. e4 Bg7 5. Bd3 O-O 6. Nge2 Nc6 7. O-O e5 8. d5
Ne7 9. f3 Nd7 10. Be3 f5 11. exf5 gxf5 12. Kh1 a5 13. Qd2 Ng6 14. Bf2 b6 15.
Rae1 Nf6 16. Ng3 Ne7 17. Qc2 Qd7 18. b3 h5 19. Rg1 Bh6 20. Nf1 Kh8 21. Be3 Bxe3
22. Nxe3 Nh7 23. Ne2 Qe8 24. f4 e4 25. Qc3+ Nf6 26. Bc2 Qg6 27. Nd4 Bd7 28. g3
Rg8 29. Ng2 Raf8 30. Nh4 Qg7 31. h3 Nh7 32. Qe3 Rf6 33. Qe2 Rh6 34. Qe3 Qf6 35.
Qc3 Ng6 36. Ne2 Nxh4 37. Qxf6+ Nxf6 38. gxh4 Nh7 39. Rxg8+ Kxg8 40. Nd4 Rg6 41.
Rg1 Rxg1+ 42. Kxg1 Kg7 43. Kf2 Kg6 44. Ne2 Nf6 45. Ng3 c6 46. dxc6 Bxc6 47. Bd1
d5 48. cxd5 Nxd5 49. Nxh5 Nc3 50. Bg4 Bd7 51. Ng3 fxg4 52. h5+ Kf6 53. hxg4
Bxg4 54. Ke3 Bf3 55. Kd4 Ne2+ 56. Nxe2 Bxe2 57. Kxe4 Bxh5 58. Kd5 Be8 59. a4
Ke7 60. f5 Kd7 61. Kc4 Kc6 62. b4 axb4 63. Kxb4 Kb7 64. f6 Ka6 65. a5 b5 0-1

[Event "4rd Memory of Nebesna Sotnya-2017 R"]
[Site "Lutsk"]
[Date "2017.02.18"]
[Round "7.6"]
[White "Kislinsky, Alexey"]
[Black "Budnikov, Oleg"]
[Result "1/2-1/2"]
[WhiteElo "2407"]
[BlackElo "2433"]
[PlyCount "144"]
[EventDate "2017.02.18"]
[EventType "swiss (rapid)"]
[EventRounds "11"]
[EventCountry "UKR"]

1. e4 g6 2. d4 Bg7 3. Nf3 d6 4. h3 Nd7 5. Be3 e5 6. dxe5 dxe5 7. Bc4 Ngf6 8.
Nc3 O-O 9. O-O h6 10. a4 Qe7 11. a5 a6 12. Re1 Kh7 13. Nd2 Nc5 14. b4 Ne6 15.
Nd5 Qd8 16. c3 Nf4 17. Nxf4 exf4 18. Bc5 Nd7 19. Bxf8 Qxf8 20. Rc1 Ne5 21. Qe2
Bd7 22. Nf3 Re8 23. Nxe5 Rxe5 24. Qd2 Qe7 25. Qxf4 f5 26. Rcd1 Bc6 27. Qd2 fxe4
28. Qd8 Qxd8 29. Rxd8 h5 30. Bf1 Re7 31. c4 Bc3 32. Rb1 Bd7 33. Rb8 Bd4 34.
Rxb7 Bc6 35. Rb8 e3 36. fxe3 Rxe3 37. Rd8 Re1+ 38. Rxd4 Rxb1 39. Rd8 Rxb4 40.
Rc8 Rb7 41. Ra8 Be4 42. Rxa6 Rb1 43. Kf2 Ra1 44. Re6 Bf5 45. Re7+ Kh6 46. Rxc7
Rxa5 47. h4 Ra3 48. Be2 Bg4 49. Bf3 Bxf3 50. gxf3 Ra2+ 51. Kg3 Rc2 52. c5 Rc4
53. Rc8 Kg7 54. c6 Kf7 55. Kf2 Kf6 56. Ke3 Kg7 57. Kd3 Rc1 58. Kd4 Rd1+ 59. Ke5
Re1+ 60. Kd6 Rd1+ 61. Kc7 Rd4 62. Rd8 Rxh4 63. Rd1 Rf4 64. Kd7 Rf7+ 65. Kd6
Rf6+ 66. Kd7 Rf7+ 67. Kd8 Rf8+ 68. Kd7 Rf7+ 69. Kd8 Rf8+ 70. Kd7 Rf7+ 71. Kd8
Rf8+ 72. Kd7 Rf7+ $11 1/2-1/2

[Event "4rd Memory of Nebesna Sotnya-2017 R"]
[Site "Lutsk"]
[Date "2017.02.18"]
[Round "7.7"]
[White "Mikhaletz, Lubomir"]
[Black "Alexikov, Alexander"]
[Result "1-0"]
[WhiteElo "2414"]
[BlackElo "2326"]
[PlyCount "79"]
[EventDate "2017.02.18"]
[EventType "swiss (rapid)"]
[EventRounds "11"]
[EventCountry "UKR"]

1. d4 Nf6 2. Bg5 Ne4 3. Bh4 c5 4. f3 g5 5. fxe4 gxh4 6. Nc3 cxd4 7. Qxd4 Rg8 8.
e5 Nc6 9. Qe4 b5 10. Nf3 b4 11. Nd5 Qa5 12. e3 h5 13. Kf2 Rg4 14. Nf4 Qc5 15.
Bc4 Bb7 16. h3 Na5 17. Bxf7+ Kd8 18. Rhd1 Bxe4 19. Ne6+ Kc8 20. Nxc5 Bxf3 21.
gxf3 Rg3 22. Rxd7 e6 23. Bxe6 Bxc5 24. Rad1 Rg6 25. Bf5 Rg5 26. Be4 Nc4 27.
Rd8+ Kc7 28. R1d7+ Kb6 29. Rb7+ Ka6 30. Rxa8 Bxe3+ 31. Ke2 Bc5 32. f4 Rg3 33.
Bf3 Rxf3 34. Kxf3 Kxb7 35. Rh8 Nxb2 36. Ke4 Nd1 37. Kd5 Bb6 38. f5 Nc3+ 39. Kc4
a5 40. f6 1-0

[Event "4rd Memory of Nebesna Sotnya-2017 R"]
[Site "Lutsk"]
[Date "2017.02.18"]
[Round "7.8"]
[White "Zubarev, Alexander"]
[Black "Roshka, Yevgeniy"]
[Result "1-0"]
[WhiteElo "2538"]
[BlackElo "2293"]
[PlyCount "97"]
[EventDate "2017.02.18"]
[EventType "swiss (rapid)"]
[EventRounds "11"]
[EventCountry "UKR"]

1. Nf3 g6 2. c4 Bg7 3. Nc3 e5 4. d4 d6 5. dxe5 dxe5 6. Qxd8+ Kxd8 7. h3 c6 8.
g4 f6 9. Bd2 Be6 10. O-O-O Kc7 11. b3 Nd7 12. Ne4 Bf8 13. Bc3 Ba3+ 14. Kc2 Nh6
15. Nxf6 Nxf6 16. Bxe5+ Kb6 17. Bxf6 Rhe8 18. Ng5 Bg8 19. Bd4+ Kc7 20. e3 a5
21. c5 Bd5 22. f3 a4 23. Bc4 axb3+ 24. axb3 Bxc4 25. bxc4 Ra4 26. Kb3 Rea8 27.
Bg7 Bxc5 28. Ne6+ Kb6 29. Nxc5 Kxc5 30. Bd4+ Kd6 31. Ba7+ Ke6 32. Kxa4 Rxa7+
33. Kb3 Nf7 34. Rd4 b5 35. cxb5 Rb7 36. Re4+ Kf6 37. Rd1 Rxb5+ 38. Rb4 Re5 39.
Rd3 Re7 40. f4 g5 41. Rb6 Rc7 42. Kc4 gxf4 43. exf4 Ke7 44. Kc5 Nd8 45. Rxd8
Kxd8 46. Rxc6 Ra7 47. Kd4 Ke7 48. f5 Ra3 49. Rh6 1-0

[Event "4rd Memory of Nebesna Sotnya-2017 R"]
[Site "Lutsk"]
[Date "2017.02.19"]
[Round "8.1"]
[White "Bogdanovich, Stanislav"]
[Black "Onischuk, Vladimir"]
[Result "1-0"]
[WhiteElo "2689"]
[BlackElo "2692"]
[PlyCount "65"]
[EventDate "2017.02.18"]
[EventType "swiss (rapid)"]
[EventRounds "11"]
[EventCountry "UKR"]

1. e4 d6 2. d4 Nf6 3. Nc3 g6 4. Bg5 Bg7 5. Qd2 h6 6. Bf4 c6 7. h3 b5 8. a3 Nfd7
9. Nf3 e5 10. Be3 a6 11. Be2 Bb7 12. O-O Qe7 13. b4 Nf6 14. dxe5 dxe5 15. Ne1
Nbd7 16. Nd3 Rd8 17. Qc1 h5 18. Nc5 Nxc5 19. Bxc5 Qe6 20. a4 Nd7 21. axb5 axb5
22. Rd1 Nxc5 23. Rxd8+ Kxd8 24. bxc5 Re8 25. Qa3 Re7 26. Qa7 Qc8 27. Nxb5 cxb5
28. Bxb5 Qc7 29. Rd1+ Kc8 30. c6 Bxc6 31. Ba6+ Bb7 32. Qa8+ Qb8 33. Rd8+ 1-0

[Event "4rd Memory of Nebesna Sotnya-2017 R"]
[Site "Lutsk"]
[Date "2017.02.19"]
[Round "8.2"]
[White "Mirzoev, Emil"]
[Black "Bernadskiy, Vitaliy"]
[Result "0-1"]
[WhiteElo "2457"]
[BlackElo "2634"]
[PlyCount "142"]
[EventDate "2017.02.18"]
[EventType "swiss (rapid)"]
[EventRounds "11"]
[EventCountry "UKR"]

1. d4 e6 2. c4 Bb4+ 3. Nc3 f5 4. e3 Nf6 5. Bd3 b6 6. Nge2 Bb7 7. O-O O-O 8. f3
Nc6 9. a3 Bd6 10. Nb5 Be7 11. Bd2 a6 12. Nbc3 Qe8 13. b4 Qh5 14. Qc2 Bd6 15. h3
a5 16. Nb5 axb4 17. Nxd6 cxd6 18. axb4 Qh4 19. b5 Na5 20. Bb4 Rfc8 21. Bxd6 Nd5
22. Bf4 Qd8 23. e4 Nb4 24. Qb1 Nxd3 25. Qxd3 fxe4 26. fxe4 Nxc4 27. Rxa8 Bxa8
28. Nc3 Qe7 29. Ra1 Qb4 30. Qg3 Na5 31. Be5 Qe7 32. Rf1 Nc4 33. Bf4 Bb7 34. Kh2
Qf7 35. Ra1 Na5 36. Bc7 Nc4 37. Ra7 Ba8 38. Bb8 Nd2 39. Qf4 Nxe4 40. Qxf7+ Kxf7
41. Nxe4 Bxe4 42. Be5 Ke7 43. Ra2 g6 44. h4 Bd5 45. Rb2 d6 46. Bf4 Rc4 47. Bg5+
Kd7 48. Be3 Rc3 49. Bg5 Rd3 50. Rf2 Ke8 51. Rc2 Rxd4 52. Rc8+ Kd7 53. Rh8 e5
54. Rxh7+ Ke6 55. Rh8 Rb4 56. Be3 Rxb5 57. Rb8 Rb2 58. Rxb6 Rxg2+ 59. Kh3 Rc2
60. Kg4 Be4 61. Bh6 Bf5+ 62. Kg3 Rc3+ 63. Kf2 e4 64. Bf8 Rd3 65. Ra6 Bg4 66.
Bh6 Ke5 67. Ra5+ d5 68. Bg7+ Kf5 69. Ra6 e3+ 70. Kg2 e2 71. Rf6+ Ke5 0-1

[Event "4rd Memory of Nebesna Sotnya-2017 R"]
[Site "Lutsk"]
[Date "2017.02.19"]
[Round "8.3"]
[White "Solovchuk, Alexey"]
[Black "Mikhaletz, Lubomir"]
[Result "1/2-1/2"]
[WhiteElo "2455"]
[BlackElo "2414"]
[PlyCount "174"]
[EventDate "2017.02.18"]
[EventType "swiss (rapid)"]
[EventRounds "11"]
[EventCountry "UKR"]

1. c4 e6 2. Nf3 d5 3. e3 Nf6 4. Nc3 dxc4 5. Bxc4 a6 6. d4 b5 7. Bd3 Bb7 8. Qc2
Nbd7 9. Ne4 c5 10. Nxc5 Nxc5 11. dxc5 Bxf3 12. gxf3 Qd5 13. Ke2 Qxc5 14. Qxc5
Bxc5 15. a4 b4 16. a5 Ke7 17. Bd2 Bd6 18. Rhc1 Nd7 19. f4 Rhb8 20. Rc4 Ra7 21.
Ra4 Rab7 22. Be4 Nc5 23. Bxb7 Nxa4 24. Bxa6 Nxb2 25. Rc2 Na4 26. Bd3 b3 27. Rc1
Nc5 28. Bc4 Ne4 29. a6 Nxd2 30. Kxd2 Bb4+ 31. Ke2 Rc8 32. a7 b2 33. Rg1 Ra8 34.
Bd3 g6 35. Rb1 Ba3 36. Kd2 Rxa7 37. Kc2 Rb7 38. Be4 Rb6 39. Bd3 f5 40. Rg1 Kf6
41. Kd2 Bd6 42. h4 h5 43. Kc2 Ba3 44. Kb1 Rc6 45. Bc2 Rb6 46. Rd1 Bd6 47. Ka2
e5 48. fxe5+ Bxe5 49. Bd3 Rd6 50. Kb1 Rd5 51. Kc2 Rc5+ 52. Kd2 Bc3+ 53. Ke2 f4
54. exf4 Ra5 55. Rg1 Ra1 56. Rxg6+ Ke7 57. Rb6 Rh1 58. Rb7+ Kd6 59. Rb3 Bf6 60.
Rb6+ Ke7 61. Kf3 Rxh4 62. Ke4 Rh2 63. Kf5 Bd4 64. Rb4 Bc3 65. Rb3 Bh8 66. f3
Rg2 67. Rb7+ Kd6 68. Rh7 Bc3 69. Rxh5 Rd2 70. Rh6+ Kc5 71. Be4 Re2 72. Rc6+ Kd4
73. Rb6 Rh2 74. Rb7 Ke3 75. Kg4 Rh6 76. Kg5 Ra6 77. f5 Bf6+ 78. Kg4 Be5 79. Rb5
Bd4 80. Kg5 Bf6+ 81. Kg6 Bc3+ 82. Kf7 Ra4 83. Rb3 Kd2 84. Rb6 Rb4 85. Rxb4 Bxb4
86. Kf6 Ke3 87. Kg5 Be7+ 1/2-1/2

[Event "4rd Memory of Nebesna Sotnya-2017 R"]
[Site "Lutsk"]
[Date "2017.02.19"]
[Round "8.4"]
[White "Bykovskiy, Oleg"]
[Black "Zubarev, Alexander"]
[Result "0-1"]
[WhiteElo "2348"]
[BlackElo "2538"]
[PlyCount "82"]
[EventDate "2017.02.18"]
[EventType "swiss (rapid)"]
[EventRounds "11"]
[EventCountry "UKR"]

1. e4 c5 2. c3 d5 3. exd5 Qxd5 4. Nf3 Nc6 5. Na3 Bf5 6. Bc4 Qe4+ 7. Kf1 e6 8.
d3 Qg4 9. h3 Qh5 10. Be3 O-O-O 11. d4 cxd4 12. cxd4 Bxa3 13. bxa3 Nf6 14. Kg1
Be4 15. Ng5 Qxd1+ 16. Rxd1 Rhf8 17. Nxe4 Nxe4 18. Kh2 Nc3 19. Rc1 Nd5 20. Bb5
Nde7 21. Rc4 Rd5 22. Rc5 Rfd8 23. Rhc1 Rxc5 24. dxc5 Nd5 25. Bg5 f6 26. Bh4 e5
27. Bc4 Nf4 28. Bg3 Rd2 29. h4 Nd3 30. Bxd3 Rxd3 31. f4 e4 32. f5 Nd4 33. Rc4
Nxf5 34. Bf4 Rd4 35. Rc3 Ne7 36. Bd6 Nd5 37. Rc2 Kd7 38. Bf8 g6 39. Kg3 Rd3+
40. Kf2 Kc6 41. g4 Rxa3 0-1

[Event "4rd Memory of Nebesna Sotnya-2017 R"]
[Site "Lutsk"]
[Date "2017.02.19"]
[Round "8.5"]
[White "Klymchuk, Andriy"]
[Black "Gritsak, Orest"]
[Result "1/2-1/2"]
[WhiteElo "2385"]
[BlackElo "2511"]
[PlyCount "96"]
[EventDate "2017.02.18"]
[EventType "swiss (rapid)"]
[EventRounds "11"]
[EventCountry "UKR"]

1. e4 c5 2. Nf3 e6 3. d4 cxd4 4. Nxd4 Nc6 5. Nc3 a6 6. Nxc6 bxc6 7. Bd3 Qc7 8.
O-O Nf6 9. f4 d5 10. e5 Nd7 11. Na4 c5 12. c4 d4 13. Be4 Bb7 14. Bxb7 Qxb7 15.
f5 exf5 16. Rxf5 g6 17. Rf1 Bg7 18. e6 fxe6 19. Bg5 Qc6 20. Qg4 Ne5 21. Qh3 Nf7
22. Rxf7 Kxf7 23. Rf1+ Kg8 24. Nxc5 h6 25. Bf6 Qxc5 26. Qxe6+ Kh7 27. Bxg7 Rhe8
28. Qf7 Re7 29. Bxd4+ Rxf7 30. Rxf7+ Kg8 31. Rg7+ Kf8 32. Bxc5+ Kxg7 33. Kf2
Kf6 34. Ke3 Ke5 35. Bd4+ Kd6 36. b4 Re8+ 37. Kd3 Re1 38. a4 Rd1+ 39. Kc3 Rc1+
40. Kb3 Rd1 41. Bg7 h5 42. Bf8+ Kc7 43. b5 axb5 44. axb5 Kb6 45. Be7 Rd2 46. h4
Rxg2 47. Bd8+ Kc5 48. Be7+ Kb6 1/2-1/2

[Event "4rd Memory of Nebesna Sotnya-2017 R"]
[Site "Lutsk"]
[Date "2017.02.19"]
[Round "8.6"]
[White "Razin, Vadim"]
[Black "Reshetkov, Kirill"]
[Result "1/2-1/2"]
[WhiteElo "2501"]
[BlackElo "2355"]
[PlyCount "136"]
[EventDate "2017.02.18"]
[EventType "swiss (rapid)"]
[EventRounds "11"]
[EventCountry "UKR"]

1. d4 Nf6 2. Nf3 g6 3. Bg5 Bg7 4. Nbd2 O-O 5. e4 d5 6. e5 Ne4 7. Be3 c5 8. c3
cxd4 9. cxd4 Nc6 10. Be2 Qb6 11. Qb3 Qxb3 12. Nxb3 Nb4 13. Kd1 Bd7 14. Ne1 Ba4
15. Nc2 Nxc2 16. Kxc2 Rfc8+ 17. Kd1 f6 18. Bg4 f5 19. f3 fxg4 20. fxe4 dxe4 21.
Kd2 b6 22. Rac1 Kf7 23. Rxc8 Rxc8 24. Rc1 Rxc1 25. Nxc1 Bb5 26. Bf4 Ke6 27. Ke3
Kd5 28. b3 e6 29. a4 Bf1 30. Kf2 Bd3 31. Be3 Bc2 32. Ke1 Bf8 33. Kd2 Bb1 34.
Ne2 Bb4+ 35. Kc1 Bd3 36. Nf4+ Kc6 37. Nxe6 Bc3 38. Bd2 Ba1 39. Be3 Bc3 40. Nf4
a6 41. d5+ Kc7 42. Nxd3 exd3 43. Bf4 Kd7 44. Kd1 b5 45. axb5 axb5 46. e6+ Ke7
47. Bd2 Be5 48. Bb4+ Kf6 49. Kd2 Bxh2 50. Kxd3 h5 51. Ke4 h4 52. Bc3+ Ke7 53.
Bb4+ Kf6 54. Bc3+ Ke7 55. Bb4+ Kf6 56. Bc3+ Ke7 57. Be5 Bxe5 58. Kxe5 h3 59.
gxh3 gxh3 60. d6+ Ke8 61. Kf6 h2 62. d7+ Kd8 63. Kf7 h1=Q 64. e7+ Kxd7 65.
e8=Q+ Kc7 66. Qxb5 Qf3+ 67. Kxg6 Qc6+ 68. Qxc6+ Kxc6 1/2-1/2

[Event "4rd Memory of Nebesna Sotnya-2017 R"]
[Site "Lutsk"]
[Date "2017.02.19"]
[Round "8.7"]
[White "Budnikov, Oleg"]
[Black "Bordovsky, Vladimir"]
[Result "1-0"]
[WhiteElo "2433"]
[BlackElo "2342"]
[PlyCount "77"]
[EventDate "2017.02.18"]
[EventType "swiss (rapid)"]
[EventRounds "11"]
[EventCountry "UKR"]

1. Nf3 Nf6 2. c4 d6 3. d4 Bg4 4. Qb3 Qc8 5. g3 Nbd7 6. Bg2 c6 7. O-O e5 8. Qd1
Be7 9. Nc3 O-O 10. h3 Bh5 11. Nh4 Rd8 12. b3 Nf8 13. d5 cxd5 14. Nxd5 Nxd5 15.
Qxd5 Bxh4 16. gxh4 Rd7 17. f4 Ng6 18. f5 Nxh4 19. Be4 h6 20. Kh2 Qc5 21. Qxc5
dxc5 22. Be3 Bxe2 23. Rf2 Bd3 24. Rd1 Bxe4 25. Rxd7 Nxf5 26. Bxc5 Bc6 27. Rd1
g6 28. Rfd2 Kg7 29. Rd8 Rxd8 30. Rxd8 a6 31. b4 Kf6 32. Rb8 e4 33. a4 e3 34.
Kg1 Bxa4 35. Rxb7 Bb3 36. b5 axb5 37. cxb5 Ke5 38. b6 Kd5 39. Rd7+ 1-0

[Event "4rd Memory of Nebesna Sotnya-2017 R"]
[Site "Lutsk"]
[Date "2017.02.19"]
[Round "8.8"]
[White "Ianov, Viktor"]
[Black "Kislinsky, Alexey"]
[Result "0-1"]
[WhiteElo "2364"]
[BlackElo "2407"]
[PlyCount "70"]
[EventDate "2017.02.18"]
[EventType "swiss (rapid)"]
[EventRounds "11"]
[EventCountry "UKR"]

1. c4 c5 2. Nc3 Nc6 3. g3 e6 4. Bg2 g5 5. d3 Bg7 6. Nh3 h6 7. f4 g4 8. Nf2 h5
9. O-O d6 10. Nfe4 a6 11. Bd2 Nh6 12. e3 f5 13. Nf2 h4 14. a3 hxg3 15. hxg3 Qf6
16. Bxc6+ bxc6 17. Qa4 Bd7 18. Kg2 O-O 19. Rh1 Rfb8 20. Qc2 e5 21. Na4 Nf7 22.
Bc3 Qe6 23. Rae1 Qg6 24. b3 Ra7 25. Rb1 Re8 26. Rbe1 Be6 27. b4 cxb4 28. axb4
Rae7 29. Nb2 Bc8 30. c5 dxc5 31. bxc5 exf4 32. exf4 Be6 33. Rhf1 Bd5+ 34. Kg1
Re3 35. Nh1 Qh5 0-1

[Event "4rd Memory of Nebesna Sotnya-2017 R"]
[Site "Lutsk"]
[Date "2017.02.19"]
[Round "9.1"]
[White "Bernadskiy, Vitaliy"]
[Black "Bogdanovich, Stanislav"]
[Result "1-0"]
[WhiteElo "2634"]
[BlackElo "2689"]
[PlyCount "115"]
[EventDate "2017.02.18"]
[EventType "swiss (rapid)"]
[EventRounds "11"]
[EventCountry "UKR"]

1. c4 e5 2. g3 Nf6 3. Bg2 Nc6 4. Nc3 Bb4 5. Nd5 a5 6. e3 O-O 7. Ne2 Nxd5 8.
cxd5 Ne7 9. O-O c6 10. a3 Bd6 11. Nc3 f5 12. d4 e4 13. f3 cxd5 14. Nxd5 exf3
15. Qxf3 Rb8 16. Nxe7+ Qxe7 17. Qd5+ Qe6 18. Qxa5 b5 19. d5 Qe7 20. Qc3 Ba6 21.
Qd3 h5 22. Bd2 h4 23. Bb4 hxg3 24. hxg3 Rbe8 25. Rf3 Rf6 26. Raf1 Bxb4 27. axb4
d6 28. g4 Bc8 29. gxf5 Qe5 30. Qc3 Bb7 31. e4 Qe7 32. Rg3 Rc8 33. Qd2 Qe5 34.
Qg5 Rc7 35. Rf2 Qd4 36. Bf3 Kf8 37. Rh3 Rcf7 38. Qd2 Qxd2 39. Rxd2 g6 40. Rh8+
Ke7 41. Rc2 Kd7 42. Bg4 gxf5 43. Bxf5+ Rxf5 44. exf5 Bxd5 45. Rf2 Ke7 46. Rb8
Rg7+ 47. Kh2 Kf6 48. Rxb5 Be4 49. Rb8 Rf7 50. b5 d5 51. Kg3 d4 52. Rf4 Rg7+ 53.
Rg4 Re7 54. Rf8+ Ke5 55. f6 Re6 56. f7 Kf6 57. Re8 Rxe8 58. fxe8=Q 1-0

[Event "4rd Memory of Nebesna Sotnya-2017 R"]
[Site "Lutsk"]
[Date "2017.02.19"]
[Round "9.2"]
[White "Onischuk, Vladimir"]
[Black "Budnikov, Oleg"]
[Result "1/2-1/2"]
[WhiteElo "2692"]
[BlackElo "2433"]
[PlyCount "203"]
[EventDate "2017.02.18"]
[EventType "swiss (rapid)"]
[EventRounds "11"]
[EventCountry "UKR"]

1. e4 e6 2. d4 d5 3. Bd3 Nc6 4. Nf3 Nb4 5. Nc3 Nxd3+ 6. cxd3 Nf6 7. O-O Be7 8.
h3 O-O 9. Bf4 c6 10. Re1 b6 11. Rc1 Bb7 12. Qb3 Rc8 13. Qa4 a5 14. a3 c5 15.
dxc5 dxe4 16. dxe4 Bxc5 17. Rcd1 Qe8 18. Qb3 Rd8 19. Be5 Rxd1 20. Qxd1 Qa8 21.
Bxf6 gxf6 22. Nh2 Kh8 23. Qh5 f5 24. exf5 Rg8 25. Ng4 Bxg2 26. fxe6 f5 27. Qxf5
Bxh3 28. Re4 Qf8 29. Qxf8 Bxf8 30. f3 h5 31. e7 Bxe7 32. Rxe7 hxg4 33. Kh2 Bf1
34. Kg3 gxf3+ 35. Kxf3 Rg2 36. Re1 Rxb2 37. Rxf1 Rb3 38. Rc1 Rxa3 39. Ke4 Rb3
40. Kd5 b5 41. Kc5 b4 42. Nd5 Kg7 43. Rg1+ Kf7 44. Rf1+ Kg7 45. Kb5 Ra3 46. Nb6
b3 47. Nc4 Ra2 48. Nxa5 b2 49. Rb1 Ra1 50. Rxb2 Rc1 51. Nc4 Kf6 52. Kc5 Kf5 53.
Re2 Kf4 54. Kd4 Rd1+ 55. Nd2 Kf5 56. Rf2+ Ke6 57. Ke4 Re1+ 58. Kf4 Ra1 59. Rh2
Ra4+ 60. Ne4 Ra8 61. Rh6+ Kd5 62. Rd6+ Kc4 63. Rd1 Rh8 64. Ng3 Rh4+ 65. Ke5 Rh8
66. Rc1+ Kd3 67. Nf5 Re8+ 68. Kf4 Rf8 69. Rc5 Re8 70. Kf3 Rf8 71. Ra5 Rf7 72.
Rd5+ Kc3 73. Ke4 Rf8 74. Rc5+ Kb4 75. Rc1 Re8+ 76. Kd3 Rh8 77. Rc4+ Kb5 78.
Nd4+ Kb6 79. Rc6+ Kb7 80. Rg6 Rh1 81. Kc4 Rc1+ 82. Kd5 Rh1 83. Nb3 Rh5+ 84. Kc4
Kc7 85. Nc5 Rh4+ 86. Kb5 Rh5 87. Rf6 Rh1 88. Rc6+ Kd8 89. Re6 Rh7 90. Kc6 Re7
91. Rf6 Re1 92. Rf7 Ke8 93. Rh7 Re7 94. Rh8+ Kf7 95. Kd6 Re1 96. Rh4 Kg6 97.
Ne6 Ra1 98. Rg4+ Kf6 99. Rf4+ Kg6 100. Rf2 Ra6+ 101. Ke5 Ra5+ 102. Ke4 1/2-1/2

[Event "4rd Memory of Nebesna Sotnya-2017 R"]
[Site "Lutsk"]
[Date "2017.02.19"]
[Round "9.3"]
[White "Zubarev, Alexander"]
[Black "Mikhaletz, Lubomir"]
[Result "1/2-1/2"]
[WhiteElo "2538"]
[BlackElo "2414"]
[PlyCount "118"]
[EventDate "2017.02.18"]
[EventType "swiss (rapid)"]
[EventRounds "11"]
[EventCountry "UKR"]

1. d4 d6 2. e4 Nf6 3. Nc3 Nc6 4. Nf3 Bg4 5. Bb5 Nd7 6. Be3 a6 7. Be2 e6 8. d5
exd5 9. exd5 Bxf3 10. Bxf3 Nce5 11. Be2 Be7 12. f4 Ng6 13. O-O O-O 14. Qd2 f5
15. Bd3 Nc5 16. Ne2 c6 17. c4 Nxd3 18. Qxd3 c5 19. a4 b6 20. Nc3 Bf6 21. Rfe1
Qd7 22. g3 Rfe8 23. Bd2 Bd4+ 24. Kg2 h6 25. a5 Rxe1 26. Rxe1 bxa5 27. b3 Nf8
28. Na4 Re8 29. Bxa5 Rxe1 30. Bxe1 Nh7 31. Qe2 Nf6 32. Nb6 Qe8 33. Qxe8+ Nxe8
34. Nd7 Kf7 35. Nb8 Nf6 36. Nxa6 Ne4 37. Nc7 g5 38. fxg5 hxg5 39. Ne6 Be5 40.
Ba5 Kg6 41. b4 cxb4 42. Bxb4 Kf6 43. Ba5 Kg6 44. Kf3 g4+ 45. Ke3 Kf6 46. Bd8+
Kg6 47. Bc7 Kf6 48. Bd8+ Kg6 49. Bb6 Kf6 50. Bd4 Ng5 51. Nxg5 Kxg5 52. c5 f4+
53. gxf4+ Bxf4+ 54. Ke4 dxc5 55. Bf6+ Kxf6 56. Kxf4 c4 57. Ke4 c3 58. Kd3 Ke5
59. Kxc3 Kxd5 1/2-1/2

[Event "4rd Memory of Nebesna Sotnya-2017 R"]
[Site "Lutsk"]
[Date "2017.02.19"]
[Round "9.4"]
[White "Kislinsky, Alexey"]
[Black "Solovchuk, Alexey"]
[Result "1-0"]
[WhiteElo "2407"]
[BlackElo "2455"]
[PlyCount "113"]
[EventDate "2017.02.18"]
[EventType "swiss (rapid)"]
[EventRounds "11"]
[EventCountry "UKR"]

1. e4 e5 2. Nf3 Nc6 3. Bc4 Nf6 4. d3 Be7 5. O-O O-O 6. Re1 d6 7. a4 Be6 8. Nbd2
Nd7 9. a5 Bg5 10. a6 b6 11. Bb5 Bxd2 12. Bxd2 Ne7 13. Ng5 c6 14. Bc4 Bxc4 15.
dxc4 Ng6 16. Ra3 h6 17. Nf3 Qe7 18. b4 Qe6 19. Qe2 Rad8 20. Bc1 Nf6 21. g3 Rd7
22. Bb2 Rb8 23. Nd2 Rbd8 24. Re3 Re7 25. Rd3 Qc8 26. Ra1 Ne8 27. Nf1 Nc7 28.
Ne3 Nxa6 29. Nf5 Red7 30. Rda3 Nc7 31. Rxa7 Ne6 32. R7a6 Qb7 33. Qe3 Rb8 34.
R6a3 Ne7 35. Nxd6 Rxd6 36. Ra7 Rd1+ 37. Kg2 Rxa1 38. Rxb7 Rxb7 39. Bxa1 f6 40.
Bc3 c5 41. Qd2 Nd4 42. Bb2 Ndc6 43. bxc5 bxc5 44. Ba3 Nb4 45. c3 Nbc6 46. Bxc5
Kf7 47. h4 Rb8 48. Bd6 Rc8 49. c5 Ke8 50. h5 Nd8 51. Qa2 Rc6 52. Qa7 Nc8 53.
Qxg7 Rxd6 54. Qxh6 Nf7 55. Qg6 Ke7 56. h6 Rd8 57. h7 1-0